000 003200000a22001450004500
020 _a84-276-0453-X
041 0 _aSPA
082 0 4 _aG 864 R7887p
100 1 _aRosales, Luis
245 1 0 _aLa poesía de Neruda / Luis Rosales
260 _aMadrid, España : Nacional
300 _a276 Pag
001 11151
942 _cBK
999 _c40518
_d40518